<?xml version="1.0" encoding="UTF-8"?>
<record
    xmlns:xsi="http://www.w3.org/2001/XMLSchema-instance"
    xsi:schemaLocation="http://www.loc.gov/MARC21/slim http://www.loc.gov/standards/marcxml/schema/MARC21slim.xsd"
    xmlns="http://www.loc.gov/MARC21/slim">

  <leader>02503nam a2200301   4500</leader>
  <controlfield tag="001">433</controlfield>
  <controlfield tag="003">OSt</controlfield>
  <controlfield tag="005">20250625075651.0</controlfield>
  <controlfield tag="008">250625b        |||||||g |||| 00| 1 eng d</controlfield>
  <datafield tag="020" ind1=" " ind2=" ">
    <subfield code="a">9788525060495</subfield>
  </datafield>
  <datafield tag="040" ind1=" " ind2=" ">
    <subfield code="b">por</subfield>
  </datafield>
  <datafield tag="041" ind1=" " ind2=" ">
    <subfield code="h">eng</subfield>
    <subfield code="a">por</subfield>
  </datafield>
  <datafield tag="082" ind1=" " ind2=" ">
    <subfield code="a">028.5</subfield>
    <subfield code="b">K33g</subfield>
  </datafield>
  <datafield tag="100" ind1="1" ind2=" ">
    <subfield code="a">Keating, Lucy</subfield>
    <subfield code="9">936</subfield>
  </datafield>
  <datafield tag="240" ind1=" " ind2=" ">
    <subfield code="a">Dreamology</subfield>
  </datafield>
  <datafield tag="245" ind1=" " ind2=" ">
    <subfield code="a">O Garoto dos meus Sonhos / </subfield>
    <subfield code="c">Keating, Lucy ;   Tradu&#xE7;&#xE3;o de Luisa Geisler</subfield>
  </datafield>
  <datafield tag="260" ind1=" " ind2=" ">
    <subfield code="a">S&#xE3;o Paulo</subfield>
    <subfield code="b">Globo Alt</subfield>
    <subfield code="c">2016</subfield>
  </datafield>
  <datafield tag="300" ind1=" " ind2=" ">
    <subfield code="a">264 p.</subfield>
  </datafield>
  <datafield tag="520" ind1=" " ind2=" ">
    <subfield code="a">Desde quando consegue se lembrar, Alice tem sonhado com Max. Juntos eles viajaram o mundo, passearam em elefantes cor-de-rosa, fizeram guerra de biscoitos no Metropolitan Museum of Art... e acabaram se apaixonando. Max &#xE9; o garoto dos sonhos &#x2013; e somente dos sonhos &#x2013; at&#xE9; o dia em que Alice o v&#xEA;, surpreendentemente, na vida real. Mas ele n&#xE3;o faz ideia de quem ela &#xE9;... Ou faz? Enquanto come&#xE7;am a se conhecer, Alice percebe que o Max dos Sonhos em nada se parece com o Max Real. Ele &#xE9; complicado e teimoso, al&#xE9;m de ter uma namorada e uma vida inteira da qual Alice n&#xE3;o faz parte. Quando coisas fant&#xE1;sticas dos sonhos come&#xE7;am estranhamente a aparecer na vida real &#x2013; como pav&#xF5;es gigantes que falam, folhas de outono cor-de-rosa incandescente, e constela&#xE7;&#xF5;es de estrelas coloridas &#x2013;, Alice e Max precisam tomar a dif&#xED;cil decis&#xE3;o de fazer isso tudo parar. Mesmo que os sonhos sejam mais encantadores que a realidade, seria realmente bom viver neles para sempre?



A hist&#xF3;ria mostra um ing&#xEA;nuo senhor rural cujo passatempo favorito era a leitura de livros de cavalaria. Na sua obsess&#xE3;o, acreditava literalmente nas aventuras escritas e decide tornar-se um cavaleiro andante. Suas viagens sucedem-se sob a alucina&#xE7;&#xE3;o de que estava vivendo na era da cavalaria; pessoas que encontrava nas estradas pareciam-lhe como cavaleiros em armas, damas em apuros, gigantes e monstros; at&#xE9; moinhos de vento na sua imagina&#xE7;&#xE3;o eram seres vivos. Combatendo as injusti&#xE7;as, o personagem enfrenta situa&#xE7;&#xF5;es penosas e rid&#xED;culas, mantendo, por&#xE9;m, uma figura nobre e pat&#xE9;tica. Ao final, Dom Quixote volta &#xE0; raz&#xE3;o, renuncia aos romances de cavalaria e morre como piedoso crist&#xE3;o.</subfield>
  </datafield>
  <datafield tag="650" ind1=" " ind2="0">
    <subfield code="a">Literatura Americana</subfield>
    <subfield code="9">84</subfield>
  </datafield>
  <datafield tag="650" ind1=" " ind2="0">
    <subfield code="a">Romance para Adolescente</subfield>
    <subfield code="9">937</subfield>
  </datafield>
  <datafield tag="650" ind1=" " ind2="0">
    <subfield code="a">Amor e Paix&#xE3;o</subfield>
    <subfield code="9">25</subfield>
  </datafield>
  <datafield tag="650" ind1=" " ind2="0">
    <subfield code="a">Primeiras desilus&#xF5;es amorosas</subfield>
    <subfield code="9">944</subfield>
  </datafield>
  <datafield tag="655" ind1=" " ind2="0">
    <subfield code="a">Romance</subfield>
    <subfield code="9">23</subfield>
  </datafield>
  <datafield tag="655" ind1=" " ind2="0">
    <subfield code="a">Fic&#xE7;&#xE3;o </subfield>
    <subfield code="9">22</subfield>
  </datafield>
  <datafield tag="700" ind1=" " ind2=" ">
    <subfield code="a">Luisa Geisler</subfield>
    <subfield code="e">TRADUTOR</subfield>
    <subfield code="9">943</subfield>
  </datafield>
  <datafield tag="942" ind1=" " ind2=" ">
    <subfield code="2">ddc</subfield>
    <subfield code="n">0</subfield>
    <subfield code="c">BK</subfield>
  </datafield>
  <datafield tag="952" ind1=" " ind2=" ">
    <subfield code="0">0</subfield>
    <subfield code="1">0</subfield>
    <subfield code="2">ddc</subfield>
    <subfield code="4">0</subfield>
    <subfield code="7">0</subfield>
    <subfield code="8">FIC</subfield>
    <subfield code="a">BIBIB</subfield>
    <subfield code="b">BIBIB</subfield>
    <subfield code="c">IJ</subfield>
    <subfield code="d">2025-06-25</subfield>
    <subfield code="e">doa&#xE7;&#xE3;o</subfield>
    <subfield code="l">0</subfield>
    <subfield code="o">	IJ 028.5 / K33g</subfield>
    <subfield code="p">2025-17364</subfield>
    <subfield code="r">2025-06-25 07:52:02</subfield>
    <subfield code="w">2025-06-25</subfield>
    <subfield code="y">BK</subfield>
  </datafield>
  <datafield tag="999" ind1=" " ind2=" ">
    <subfield code="c">433</subfield>
    <subfield code="d">433</subfield>
  </datafield>
</record>
